<?xml version="1.0" encoding="UTF-8"?><?xml-stylesheet type="text/xsl" href="static/style.xsl"?><OAI-PMH xmlns="http://www.openarchives.org/OAI/2.0/" xmlns:xsi="http://www.w3.org/2001/XMLSchema-instance" xsi:schemaLocation="http://www.openarchives.org/OAI/2.0/ http://www.openarchives.org/OAI/2.0/OAI-PMH.xsd"><responseDate>2026-04-14T15:24:10Z</responseDate><request verb="GetRecord" identifier="oai:uvadoc.uva.es:10324/23994" metadataPrefix="marc">https://uvadoc.uva.es/oai/request</request><GetRecord><record><header><identifier>oai:uvadoc.uva.es:10324/23994</identifier><datestamp>2021-09-13T07:44:04Z</datestamp><setSpec>com_10324_38</setSpec><setSpec>col_10324_852</setSpec></header><metadata><record xmlns="http://www.loc.gov/MARC21/slim" xmlns:doc="http://www.lyncode.com/xoai" xmlns:xsi="http://www.w3.org/2001/XMLSchema-instance" xmlns:dcterms="http://purl.org/dc/terms/" xsi:schemaLocation="http://www.loc.gov/MARC21/slim http://www.loc.gov/standards/marcxml/schema/MARC21slim.xsd">
<leader>00925njm 22002777a 4500</leader>
<datafield tag="042" ind1=" " ind2=" ">
<subfield code="a">dc</subfield>
</datafield>
<datafield tag="720" ind1=" " ind2=" ">
<subfield code="a">Vaquero Cepeda, Pablo</subfield>
<subfield code="e">author</subfield>
</datafield>
<datafield tag="260" ind1=" " ind2=" ">
<subfield code="c">2017</subfield>
</datafield>
<datafield tag="520" ind1=" " ind2=" ">
<subfield code="a">Apolipoproteína D (ApoD) es una proteína perteneciente familia de las lipocalinas. Está presente en una gran variedad tipos celulares, principalmente células gliales del SNC, en fibroblastos perivasculares y en plasma se encuentra unida a proteínas de alta densidad (HDL). Se le postula una gran multifuncionalidad derivada de su capacidad de unir numerosos ligandos, destacando entre ellos el ácido retinoico. Se encuentra elevada en procesos neurodegenerativos incluyendo el envejecimiento, así como en situaciones de estrés oxidativo y se relaciona con la longevidad. Así mismo, numerosos estudios demuestran que ApoD aumenta su expresión a nivel de ácido ribonucleico mensajero (ARNm) en situaciones de detención del crecimiento como pueden ser tumores bien diferenciados y es la proteína mayoritaria en los quistes benignos de mama. Hemos querido estudiar este cambio en su expresión relacionado con la proliferación a nivel proteico mediante un estudio inmunocitoquímico de ApoD y marcadores de la proliferación. El resultado es congruente con la literatura demostrando una disminución en su expresión a nivel proteico en aquellas células que se encuentran en proliferación.</subfield>
</datafield>
<datafield tag="024" ind2=" " ind1="8">
<subfield code="a">http://uvadoc.uva.es/handle/10324/23994</subfield>
</datafield>
<datafield tag="245" ind1="0" ind2="0">
<subfield code="a">Estudio del papel y expresión de ApoD durante la proliferación celular</subfield>
</datafield>
</record></metadata></record></GetRecord></OAI-PMH>